|
|
|
|
| LEADER |
00000nab a2200000 a 4500 |
| 001 |
vtls010720449 |
| 003 |
SK-MaSNL |
| 005 |
20260304191517.0 |
| 008 |
250709s xo |||||||||||||||||slo| |
| 035 |
|
|
|a (urnnbn)urn:nbn:sk:snk:ar-a04r0i
|
| 035 |
|
|
|a (uuid)4cbcb10d-20af-483b-9331-1c6114804482
|
| 035 |
|
|
|a urn:nbn:sk:snk-ab3liq
|
| 040 |
|
|
|a SNKBUCL
|b slo
|c SNKBUCL
|e AACR2
|
| 041 |
0 |
|
|a cze
|
| 044 |
|
|
|a xo
|c SK
|
| 100 |
1 |
|
|a Holubová, Marie
|4 aut
|9 586821
|
| 245 |
1 |
0 |
|a Vývoj psaní a čtení ve škole pro slabozraké v Litovli
|c Marie Holubová
|
| 773 |
0 |
|
|t Otázky defektológie : časopis pre teóriu a prax na školách a v zariadeniach pre mládež vyžadujúcu osobitnú starostlivosť
|g Roč. 8, č. 3 (1965-1966), s. 101-103
|
| 850 |
|
|
|a Slovenská národná knižnica
|
| 852 |
|
|
|a Slovenská národná knižnica
|
| 958 |
|
|
|a article1
|
| 958 |
|
|
|a OND
|
| 958 |
|
|
|a EUIPO
|
| 999 |
|
|
|c 3054723
|d 3056653
|